Kvalitatívna náročnosť slovenskej ekonomiky

Identifikácia potenciálu rastu konkurenčnej schopnosti ekonomiky a udržateľnosti jej ekonomického rozvoja na základe úrovne kvalitatívnej náročnosti ekonomiky, založenej na poznatkovo náročných aktivitách. Hodnotenie vybraných oblastí kvalitatívnej náročnosti slovenskej ekonomiky v rámci EÚ-25. Úzke...

Full description

Saved in:
Bibliographic Details
Main Author: Fifeková, Elena
Format: Book Chapter
Language:Slovak
Subjects:
Tags: Add Tag
No Tags, Be the first to tag this record!

MARC

LEADER 00000naa$a2200000$$$4500
001 0049140
005 20240711093021.2
041 0 |a slo 
044 |a SK 
245 1 0 |a Kvalitatívna náročnosť slovenskej ekonomiky 
520 |a Identifikácia potenciálu rastu konkurenčnej schopnosti ekonomiky a udržateľnosti jej ekonomického rozvoja na základe úrovne kvalitatívnej náročnosti ekonomiky, založenej na poznatkovo náročných aktivitách. Hodnotenie vybraných oblastí kvalitatívnej náročnosti slovenskej ekonomiky v rámci EÚ-25. Úzke miesta dlhodobo udržateľnej rastovej výkonnosti a konkurencieschopnosti SR. 
610 2 0 |a konkurencieschopnosť 
610 2 0 |a Slovensko 
610 2 0 |a rozvoj trvalo udržateľný 
610 2 0 |a výkonnosť ekonomiky 
610 2 0 |a stratégia inovačná 
610 2 0 |a ekonomika vedomostná 
610 2 0 |a technológie informačné 
610 2 0 |a technológie znalostné 
100 1 |a Fifeková, Elena